LEADER 01215nam0 22003373i 450 001 TO00803360 005 20231121125841.0 100 $a20181119d1974 ||||0itac50 ba 101 | $aita 102 $ait 181 1$6z01$ai $bxxxe 182 1$6z01$an 200 1 $aPesci$ftesto di Cesare Conci e Menico Torchio$g98 disegni eseguiti dal vero da Eva Hulsmann 210 $aFirenze$cGiunti Martello$dİ[1974] 215 $a173 p.$cill.$d16 cm. 225 | $a˜I œmiracoli della natura 410 0$1001SBL0256269$12001 $a˜I œmiracoli della natura 606 $aPesci$xGuide$2FIR$3PAVC000141$9N 676 $a597$9$v22 700 1$aConci$b, Cesare$3RAVV035242$4070$070695 701 1$aTorchio$b, Menico$3RAVV083450$4070$071271 702 1$aHülsmann$b, Eva$3CFIV060463 790 1$aTorchio$b, M.$3LO1V418006$zTorchio, Menico 801 3$aIT$bIT-01$c20181119 850 $aIT-FR0017 899 $aBiblioteca umanistica Giorgio Aprea$bFR0017 $eN 912 $aTO00803360 950 0$aBiblioteca umanistica Giorgio Aprea$d 52DCB Con.Pes.$e 52SBA0000248385 VMB RS $fA $h20181119$i20181119 977 $a 52 996 $aPesci$93638290 997 $aUNICAS LEADER 01207nam2 22002891i 450 001 RML0291125 005 20231121125736.0 100 $a20121121d1967 ||||0itac50 ba 101 | $aita 102 $ait 181 1$6z01$ai $bxxxe 182 1$6z01$an 200 1 $aVol. 1. :$fAldo Capitini 210 $aFirenze $cLa Nuova Italia $d1967 215 $a374 p.$d21 cm. 461 1$1001RML0291124$12001 $aEducazione aperta$fAldo Capitini 700 1$aCapitini$b, Aldo$3RMLV176543$032135 801 3$aIT$bIT-01$c20121121 850 $aIT-FR0017 $aIT-FR0098 899 $aBiblioteca umanistica Giorgio Aprea$bFR0017 899 $aBiblioteca Area Giuridico Economica$bFR0098 912 $aRML0291125 950 2$aBiblioteca umanistica Giorgio Aprea$d 52CIS 1/2750.1$e 52VM 0000605935 VM barcode:00059561. - Inventario:2409 MAGVM$fA $h20060406$i20121204 950 2$aBiblioteca Area Giuridico Economica$d 53DSG 17/139$e 53VM 0000605945 VM barcode:BAGE000277. - Inventario:14173. - Fondo:Sala consultazioneVM$fA $h20060906$i20121204 977 $a 52$a 53 996 $aVol. 1.$93628108 997 $aUNICAS